000 00331nam a2200145Ia 4500
008 191201s2005 xx 000 0 und d
082 _a658.87
_bHAC
100 _aHAWKINS, Dell
245 0 _aConsumer Behavior
250 _a6th
260 _aN.Delhi
_bTata mc Graw Hill
_c2005
300 _a789
650 _aMBA
942 _2ddc
_cBK
999 _c2684
_d2684